| 000 | 00622nam a2200181Ia 4500 | ||
|---|---|---|---|
| 001 | 99357 | ||
| 003 | 182215 | ||
| 005 | 20250219113721.0 | ||
| 008 | ||||||n9999 ||| || || | ||
| 100 | 1 |
_aDelgado Quintero, Hernando _9120157 |
|
| 245 | 0 | _aPropuesta de reforma a la carrera administrativa en la Registraduría Nacional del Estado Civil | |
| 562 | _e1 | ||
| 650 | 0 |
_aCarrera administrativa _94786 |
|
| 650 | 0 |
_aRegistraduría Nacional del Estado Civil _94869 |
|
| 650 |
_aTESIS Y DISERTACIONES ACADÉMICAS _9120159 |
||
| 650 | 0 |
_aESPECIALIZACIÓN EN ADMINISTRACIÓN PÚBLICA (BOGOTÁ) _9193726 |
|
| 942 | _cTESIS | ||
| 999 |
_c99357 _d99357 |
||